000 00289nam a22001337a 4500
008 180208b xxu||||| |||| 00| 0 eng d
020 _a0126668507
041 _aeng
080 _a616.85
100 _a7
101 _aNEU
245 _aBehavioral Techniques
_cStern, R
942 _2udc
_cBK
999 _c42105
_d42105